000 00648nam a2200241Ia 4500
005 20250425162145.0
008 250425s9999 xx 000 0 und d
041 _aspa
082 _a637.133
100 _aSOTO PASCO, J ROGELIO
245 0 _aELABORACION DE PRODUCTOS LACTEOS
250 _a1A ED.
260 _aLIMA
260 _aPerú
_bDISTRIBUIDORA PALOMINO
_c2001
300 _a137
500 _aCIBGZ-FIMCP D-30771 PARA ING. DE ALIMENTOS.- MHPCOLECCION MI EMPRESA
650 _aLECHE Y SUS DERIVADOS
650 _aORDEÑO MANUAL
650 _aORDEÑO MECANICO
650 _aPRODUCTOS LACTEOS
942 _c01
010 _a53638
999 _c223489
_d223489